La Despesa no obligatòria dels ajuntaments / Maite Vilalta, coordinadora, Daniel Mas ; Institut d'Economia de Barcelona

Descripció física: 83 p., quadres ; 30 cm
Matèries: Despeses públiques

MARC

LEADER 00000nam a2200000Ia 4500
001 13836
008 160829s2001 xx 000 0 cat d
080 |a M-4-48 
245 |a La Despesa no obligatòria dels ajuntaments / Maite Vilalta, coordinadora, Daniel Mas ; Institut d'Economia de Barcelona 
260 |a Barcelona :  |b Diputació de Barcelona, Àrea de Cooperació,  |c 2001 
300 |a 83 p., quadres ;  |c 30 cm 
490 |a Papers de polítiques territorials ; 3 
650 0 |a Despeses públiques  |9 37054 
700 |a Vilalta, Maite  |9 10386 
700 |a Mas, Daniel   |9 1011 
700 |a Institut d'Economia de Barcelona  |9 18829 
901 |a Arxiu 
942 |n 1 
952 |0 0  |1 0  |4 0  |6 M448  |7 1  |9 47625  |a Arxiu  |b Arxiu  |d 2016-12-01  |l 0  |o M-4-48  |p 13836  |r 2016-12-01 00:00:00  |w 2016-12-01  |y ARXIU 
999 |c 51424  |d 51424